000 00465nam a2200169Ia 4500
008 240729s9999 xx 000 0 und d
022 _a2473-4306
245 0 _aToxicology Communications
260 _aUnited Kingdom
260 _bTaylor & Francis Group
650 _a Public aspects of medicine
650 _a Toxicology. Poisons
650 _aMedicine
856 _uhttps://doaj.org/toc/c66824f1cd33456bbf4430c40206e9f0
942 _2ddc
942 _cDOAJEJ
999 _c69119
_d69119
945 _a1
_bMadushi Gamage
_c1
_dMadushi Gamage